Constitución Europea y derecho penal economico (Registro nro. 159291)

Detalles MARC
000 -LEADER
fixed length control field 01485ny a22003013n 4500
008 - FIXED-LENGTH DATA ELEMENTS--GENERAL INFORMATION
fixed length control field 060214s2006 sp 000 0 spa c
020 ## - INTERNATIONAL STANDARD BOOK NUMBER
International Standard Book Number 9788480047630
035 ## -
-- 2720
040 ## - CATALOGING SOURCE
Original cataloging agency UCA-JER
Modifying agency vLex
080 ## -
-- 341.4 (4-672EU)
080 ## -
-- 343.53 (4-672EU)
090 ## -
-- 774
-- 774
245 00 - TITLE STATEMENT
Title Constitución Europea y derecho penal economico
Medium [Recurso electrónico]
Remainder of title mesas redondas [de] Derecho y Economía /
Statement of responsibility, etc Miguel Bajo Fernández (director) ; Silvina Bacigalupo, Carlos Gómez-Jara Díez (coordinadores)
256 ## -
-- Servicio en línea
260 ## - PUBLICATION, DISTRIBUTION, ETC. (IMPRINT)
Place of publication, distribution, etc Madrid :
Name of publisher, distributor, etc Editorial Universitaria Ramón Areces,
Date of publication, distribution, etc D.L. 2006.
300 ## - PHYSICAL DESCRIPTION
Extent 355 p. ;
Dimensions 24 cm.
500 ## - GENERAL NOTE
General note Recoge las ponencias, comunicaciones y discusiones de "Mesas Redondas de Derecho y Economía" celebradas en 2005
506 1# - RESTRICTIONS ON ACCESS NOTE
Terms governing access Contenido solo disponible en los productos indicados
Authorized users vLex Global
-- vLex Global (Academic Edition, excluding Law Schools)
-- vLex Global (U.S. Academic Edition, Law Schools)
-- vLex Global (U.S. Academic Edition, excluding Law Schools)
-- vLex Global (Academic Edition, Law Schools)
650 04 - SUBJECT ADDED ENTRY--TOPICAL TERM
Topical term or geographic name as entry element Delitos económicos
Geographic subdivision Países de la Unión Europea
650 04 - SUBJECT ADDED ENTRY--TOPICAL TERM
Topical term or geographic name as entry element Derecho penal internacional
Geographic subdivision Países de la Unión Europea
700 1# - ADDED ENTRY--PERSONAL NAME
Personal name Bacigalupo, Silvina
700 1# - ADDED ENTRY--PERSONAL NAME
Personal name Bajo Fernández, Miguel
700 1# - ADDED ENTRY--PERSONAL NAME
Personal name Gómez-Jara Díez, Carlos
740 0# -
-- vLex Libros (Servicios en línea)
856 40 - LOCALIZACIÓN Y ACCESO ELECTRÓNICO
Identificador Uniforme del Recurso (URI/URL) https://app.vlex.com/#/sources/2720
942 ## -
-- RAA
999 ## -
-- 159291
-- 159291

No hay ítems disponibles.


CONTACTO


NOSOTROS


SITIOS DE INTERES

coordinacion.biblioteca.biblioteca@unienlinea.mx Misión, Visión y Objetivos Bases de datos
Directorio Bibliotecas Digitales y Repositorios
Normatividad Revistas y artículos
Convenios interbibliotecarios
Boletines



Hecho en México. Universidad Insurgentes (UIN). Todos los derechos reservados 2024. Esta página y sus contenidos pueden ser reproducidos con fines no lucrativos, siempre y cuando no se mutile, se cite la fuente completa y su dirección electrónicas. De otra forma requiere permiso previo por escrito de la institución




2024 Copyright Universidad Insurgentes | www.bibliouin.com.mx